|
|
|
|
| LEADER |
00000nam a22000007a 4500 |
| 005 |
20211214231520.0 |
| 007 |
cr|||| |||| |
| 008 |
211214s2021 br |||||s|||| 00||0 por d |
| 020 |
|
|
|a 978-65-5515-196-1
|
| 035 |
|
|
|a 35487
|
| 040 |
|
|
|a vLex
|
| 090 |
|
|
|c 12722
|d 12722
|
| 100 |
1 |
|
|a Lima Gazzola, Luciana de Paula
|
| 245 |
1 |
0 |
|a Medicina legal
|h [Recurso electrn̤ico] :
|b 350 queste̳s comentadas para concursos /
|c Luciana de Paula Lima Gazzola
|
| 256 |
|
|
|a Servicio en ln̕ea
|
| 260 |
|
|
|a Indaiatuba:
|b Editora Foco,
|c 2021
|
| 300 |
|
|
|a 1 recurso electrn̤ico
|
| 500 |
|
|
|a A Medicina Legal ̌um dos ramos do conhecimento mďico de maior proeminn̊cia e desenvolvimento na atualidade e vem sendo abordada nos concursos policiais com profundidade e peculiaridades prp̤rias ̉multidisciplinaridade que caracteriza a disciplina. Dado que o estudo da Medicina Legal voltado para concursos engloba conceitos mďicos, jurd̕icos, sociolg̤icos, biolg̤icos e de polt̕ica criminal, faz-se fundamental a resoluȯ̂ de queste̳s direcionadas ao aprendizado profundo e orientado. Com o objetivo de auxiliar o estudante a entender a estrutura lg̤ica das queste̳s elaboradas pelas diversas bancas examinadoras do pas̕, direcionar os estudos ter̤icos e otimizar o rendimento, elaboramos essa obra com queste̳s comentadas que abarcam todos os ramos mďico-legais mais cobrados em concursos pb︢licos das carreiras policiais de Delegado, Mďico Legista, Perito Criminal, Escrivô, dentre outras. Cada questô recebeu comentr̀ios amplos e completos, de modo a ampliar o conhecimento ter̤ico do estudante, em um nv̕el de detalhamento que propicia uma profunda visô geral da disciplina. É uma obra indispensv̀el a quem deseja ser aprovado em concursos voltados a esse ramo fascinante do saber, a Medicina Legal!
|
| 506 |
1 |
|
|a Disponible solo en los productos indicados
|d vLex Global
|d vLex Global (Academic Edition, excluding Law Schools)
|d vLex Global (U.S. Academic Edition, Law Schools)
|d vLex Global (U.S. Academic Edition, excluding Law Schools)
|d vLex Global (Academic Edition, Law Schools)
|
| 650 |
0 |
4 |
|a Medicina
|z Brasil
|
| 740 |
0 |
|
|a vLex Libros (Servicio en ln̕ea)
|
| 856 |
4 |
0 |
|u https://app.vlex.com/#/sources/35487
|z Acceso restringido
|
| 942 |
|
|
|c BOOK
|
| 999 |
0 |
|
|a Medicine
|